| 000 | 00412nam a22001577a 4500 | ||
|---|---|---|---|
| 999 |
_c7549 _d7549 |
||
| 003 | OSt | ||
| 005 | 20190212180941.0 | ||
| 008 | 190212b ||||| |||| 00| 0 eng d | ||
| 040 | _cDLC | ||
| 082 | _a920.04 | ||
| 245 |
_aGood Tiding/ _bGreater Delhi Christian Directory Year 2009-10 |
||
| 250 | _aind. ed. | ||
| 260 |
_aNew Delhi: _bGood Tiding Publication: _cc.2009 |
||
| 300 |
_a191 p.; _c20 cm |
||
| 942 |
_2ddc _cBK |
||